NFL San Francisco 49ers 2021-2022 Active Roster - Statistics

General Stats
  • This quiz has been taken 255 times
    229 since last reset
  • The average score is 26 of 67
Answer Stats
Hint Answer % Correct
QB Jimmy Garoppolo
98%
QB Trey Lance
94%
WR Deebo Samuel
92%
TE George Kittle
88%
DE Nick Bosa
88%
WR Brandon Aiyuk
84%
ILB Fred Warner
79%
T Trent Williams
79%
RB Elijah Mitchell
77%
CB KWuan Williams
73%
Head Coach Kyle Shanahan
73%
FS Jimmie Ward
70%
RB Raheem Mostert
69%
K Robbie Gould
67%
WR Jauan Jennings
66%
RB Jeff Wilson
59%
FB Kyle Juszczyk
55%
OLB Dre Greenlaw
54%
SS Tavon Wilson
53%
RB Trey Sermon
49%
C Alex Mack
45%
SS Jaquiski Tartt
40%
DT Javon Kinlaw
40%
T Mike McGlinchey
40%
P Mitch Wishnowsky
40%
CB Ambry Thomas
38%
OLB Azeez Al Shaair
37%
TE Ross Dwelley
37%
Defensive Cord DeMeco Ryans
36%
SS Talanoa Hufanga
35%
G Laken Tomlinson
34%
TE Charlie Woerner
33%
DT DJ Jones
33%
CB Jason Verrett
33%
RB JaMycal Hasty
31%
G Aaron Banks
30%
DE Dee Ford
30%
CB Emmanuel Moseley
30%
DE Samson Ebukam
29%
Offensive Cord Mike Mcdaniel
28%
WR Mohamed Sanu
27%
CB Dontae Johnson
26%
CB Deommodore Lenoir
24%
WR Trent Sherfield
24%
G Daniel Brunskill
23%
LS Taybor Pepper
20%
CB Josh Norman
19%
T Jaylen Moore
18%
SS Tarvarius Moore
18%
WR Travis Benjamin
18%
DE Arden Key
17%
DE Arik Armsted
17%
DE Charles Omenihu
17%
C Jake Brendel
16%
DE Jordan Willis
16%
DT Kevin Givens
14%
DT Maurice Hurst Jr
14%
WR Riche James
14%
G Tom Compton
14%
WR River Cracraft
13%
RB Trenton Cannon
13%
OLB Demetrius Flannigan Fowles
12%
DT Kentavius Street
12%
T Colton McKivitz
10%
G Justin Skule
10%
ILB Marcall Harris
10%
Special Teams Cord Richard Hightower
10%
No matching quizzes found
Score Distribution
Percent of People with Each Score
Percentile by Number Answered
Your Score History
You have not taken this quiz since the last reset